| 000 | 00371nam a2200145Ia 4500 | ||
|---|---|---|---|
| 005 | 20250319021849.0 | ||
| 008 | 240331s9999 xx 000 0 und d | ||
| 082 |
_bNAS _a894 |
||
| 100 | _aNaseerudeen, S | ||
| 245 | 0 | _aMaraittalin alagu | |
| 260 |
_aColombo _bMoontravathu Manithan Publication _c2002 |
||
| 300 | _aV, 91 p ., | ||
| 650 | _aSirugathai thokuthi | ||
| 942 | _cL | ||
| 999 |
_c3947 _d3947 |
||